000 01187nam a2200277 u 4500
001 000534548
003 AM-YeHGA
005 20250617135341.0
008 070502s1998 ||| r 000 0 rus d
020 _a5863660147
040 _aAM-YeHGA
041 0 _arus
100 1 _aЛевита, Роман Яковлевич
245 1 0 _aИстория экономических учений :
_bКурс лекций /
_cР. Я. Левита; Акад. пед. и соц. наук.
246 1 4 _aИстория экономических учений :
_bКраткий полный курс
250 _a2-е изд., испр. и доп.
260 _aМосква :
_bCatallaxy,
_c1998.
300 _a191 с.
440 0 _aБиблиотека студента
504 _aБиблиогр.: с. 178-179
650 1 4 _aИстория экономической мысли
_y17 - 20 вв.
_vЛекции для высшей школы
653 0 _aЭкономические учения - История
653 0 _aЭкономическая теория
710 2 _aАкадемия педагогических и социальных наук
090 _c200171
999 _c198690
_d198690